[Event "NM for klubblag"]
[Site "Drammen"]
[Date "2010.10.10"]
[Round "6"]
[White "Eriksen, Geir-Arne"]
[Black "Skjold, Reidar"]
[Result "1/2-1/2"]
[WhiteElo "1248"]
[BlackElo "1490"]
[PlyCount "88"]
[EventDate "2011.10.08"]
[WhiteTeam "Fredriksstad Schakselskap"]
[BlackTeam "SK Tempo (Drammen)"]

1. d4 d5 2. c4 dxc4 3. e4 e5 4. d5 Nf6 5. Nc3 Nbd7 6. Bxc4 Bb4 7. Bg5 h6 8.
Bxf6 Bxc3+ 9. bxc3 Nxf6 10. Bd3 O-O 11. Nf3 Bg4 12. O-O Qd6 13. h3 Bxf3 14.
Qxf3 Rad8 15. Bc4 Qc5 16. Bb3 a5 17. Rfe1 Rd6 18. Rac1 Qa3 19. c4 a4 20. c5
Rdd8 21. Bc4 Qxc5 22. Qe3 Qb4 23. Qg3 Qd6 24. Rb1 b6 25. Bb5 Ra8 26. Bc6 Ra5
27. Qd3 Nd7 28. Bxd7 Qxd7 29. Qg3 Qd6 30. Rec1 f6 31. Rc6 Qe7 32. Rbc1 Ra7 33.
Qc3 Rf7 34. Qd3 Qb4 35. d6 cxd6 36. Rxd6 Qb2 37. Rc2 Qb4 38. Kh2 Rac7 39. Rd8+
Kh7 40. Rxc7 Rxc7 41. Qf3 Qe7 42. Qd3 Qe6 43. a3 Qc4 44. Qf3 Qe6 1/2-1/2

[Event "NM for klubblag"]
[Site "Drammen"]
[Date "2010.10.10"]
[Round "6"]
[White "Christiansen, Steinar"]
[Black "Kjernlie, Ole Ivar"]
[Result "0-1"]
[WhiteElo "1124"]
[BlackElo "1225"]
[PlyCount "72"]
[EventDate "2011.10.08"]
[WhiteTeam "SK Tempo (Drammen)"]
[BlackTeam "Fredriksstad Schakselskap"]

1. e4 c6 2. Nc3 d5 3. exd5 cxd5 4. d4 Nf6 5. h3 Bf5 6. Nf3 e6
7. Bg5 Be7 8. Be2 O-O 9. O-O Ne4 10. Bxe7 Qxe7 11. Nxe4 Bxe4 12. Bd3 Bxf3 13.
Qxf3 Rc8 14. c3 Nd7 15. Rfe1 Qd6 16. Bb5 Rc7 17. a4 a5 18. Qd1 Rac8 19. Qc2 g6
20. Qd2 Nb6 21. Qe2 Nc4 22. b3 Nb6 23. c4 dxc4 24. bxc4 Qxd4 25. Red1 Qf6 26.
Rdb1 Nxc4 27. Bxc4 Rxc4 28. Qb2 Qxb2 29. Rxb2 Rc1+ 30. Rxc1 Rxc1+ 31. Kh2 Rc4
32. Rxb7 Rxa4 33. Ra7 Ra2 34. Kg3 a4 35. f4 a3 36. Kg4 Rxg2+ 0-1

[Event "NM for klubblag"]
[Site "Drammen"]
[Date "2010.10.10"]
[Round "6"]
[White "Dahl, Ivar M"]
[Black "Haug, Johannes"]
[Result "1-0"]
[WhiteElo "2024"]
[BlackElo "1505"]
[PlyCount "59"]
[EventDate "2011.10.08"]
[WhiteTeam "Bærum Schakselskap"]
[BlackTeam "Nordstrand SK 3"]

1. Nf3 Nf6 2. c4 g6 3. b4 Bg7 4. Bb2 O-O 5. e3 b6 6. Be2 d5 7. cxd5 Bb7 8. O-O
Nxd5 9. Bxg7 Kxg7 10. Qb3 a5 11. b5 Nd7 12. Nc3 Nc5 13. Qb2 f6 14. d4 Nxc3 15.
Qxc3 Ne4 16. Qc2 Rc8 17. Rfc1 c5 18. bxc6 Rxc6 19. Qb2 Qd6 20. Rxc6 Qxc6 21.
Rc1 Qd6 22. Nd2 Nxd2 23. Qxd2 e5 24. Qb2 Rd8 25. dxe5 fxe5 26. h3 Kg8 27. Rd1
Qc7 28. Rxd8+ Qxd8 29. Bc4+ Bd5 30. Qd2 1-0

[Event "NM for klubblag"]
[Site "Drammen"]
[Date "2010.10.10"]
[Round "6"]
[White "Abrahamsen, Knut Ø"]
[Black "Haveland, Bjørn "]
[Result "0-1"]
[WhiteElo "1426"]
[BlackElo "1811"]
[PlyCount "78"]
[EventDate "2011.10.08"]
[WhiteTeam "Nordstrand SK 3"]
[BlackTeam "Bærum Schakselskap"]

1. e4 e5 2. Nf3 Nf6 3. Nc3 Bb4 4. Nd5 Nxd5 5. exd5 O-O 6. c3 Ba5 7. d4 exd4 8.
Nxd4 d6 9. Bd3 Qh4 10. O-O Nd7 11. Re1 Ne5 12. Bc2 Ng4 13. h3 Qxf2+ 14. Kh1 Qh4
15. Kg1 Ne5 16. Re4 Qe7 17. Qh5 g6 18. Qh6 f5 19. Rh4 c6 20. Bg5 Qf7 21. Ne6
Re8 22. Bb3 Bxe6 23. dxe6 Qg7 24. Bf6 Qxh6 25. Rxh6 b5 26. e7+ Nc4 27. a4 Bb6+
28. Kh2 Be3 29. Rh4 Kf7 30. Bd4 Bxd4 31. cxd4 h5 32. axb5 cxb5 33. Ra6 Kxe7 34.
g4 Kf6 35. gxh5 Kg5 36. Bxc4 bxc4 37. hxg6 Kxh4 38. Rxd6 Re2+ 39. Kg1 Kxh3 0-1

[Event "NM for klubblag"]
[Site "Drammen"]
[Date "2010.10.10"]
[Round "6"]
[White "Rambø, Jan-Bjarne"]
[Black "Berntsen, Eivind Sæteren"]
[Result "0-1"]
[WhiteElo "1612"]
[BlackElo "1238"]
[PlyCount "62"]
[EventDate "2011.10.08"]
[WhiteTeam "Bærum Schakselskap"]
[BlackTeam "Nordstrand SK 3"]

1. c4 f5 2. Nf3 Nf6 3. g3 b6 4. Bg2 Bb7 5. O-O e6 6. d4 Bd6 7. Nc3 O-O 8. Nb5
Be7 9. Bf4 Na6 10. b3 Nh5 11. Bc1 f4 12. Bb2 c6 13. Nc3 Nc7 14. Ne5 fxg3 15.
hxg3 d5 16. e3 Nf6 17. Ne2 Nh5 18. Nf4 Nxf4 19. exf4 Bf6 20. Re1 Rb8 21. Qg4 c5
22. Rad1 Qc8 23. Ba3 Na6 24. dxc5 Nxc5 25. cxd5 exd5 26. Qxc8 Rbxc8 27. Bxd5+
Bxd5 28. Rxd5 Rfe8 29. Rc1 Ne4 30. Nd7 Rxc1+ 31. Bxc1 Nc3 0-1

[Event "NM for klubblag"]
[Site "Drammen"]
[Date "2010.10.10"]
[Round "6"]
[White "Braathen, Didrik"]
[Black "Bergersen, Per A"]
[Result "0-1"]
[WhiteElo "1070"]
[BlackElo "1572"]
[PlyCount "148"]
[EventDate "2011.10.08"]
[WhiteTeam "Nordstrand SK 3"]
[BlackTeam "Bærum Schakselskap"]

1. d4 e6 2. c4 b6 3. e4 Bb7 4. Nc3 Bb4 5. Bd3 f5 6. f3 fxe4 7. fxe4 Nf6 8. Bg5
O-O 9. Nge2 Qe8 10. O-O Qh5 11. Bxf6 gxf6 12. Ng3 Qxd1 13. Raxd1 Nc6 14. a3
Bxc3 15. bxc3 Rf7 16. Rf2 Kf8 17. Rdf1 Ke7 18. d5 Ne5 19. Be2 Ba6 20. Nh5 Raf8
21. Ng3 Bxc4 22. Bxc4 Nxc4 23. Rf4 Rg8 24. e5 Nxe5 25. Re4 Rg4 26. dxe6 dxe6
27. Rd1 Rxe4 28. Nxe4 Rg7 29. Kf1 Rg4 30. Ng3 Ra4 31. Ra1 Nc4 32. Ne2 Rxa3 33.
Rc1 a5 34. Nd4 Ra2 35. Re1 e5 36. Nf5+ Ke6 37. Nd4+ Kf7 38. Nb5 c6 39. Nc7 a4
40. Na6 Rd2 41. Nb4 Rd6 42. Ra1 a3 43. Nc2 Rd2 44. Nxa3 Nxa3 45. Rxa3 Ke6 46.
Ra6 Rd3 47. c4 Rc3 48. Rxb6 Rxc4 49. Rb7 Rh4 50. h3 c5 51. Rb6+ Kf7 52. Rc6 c4
53. Kg1 Rd4 54. Kf2 Kg6 55. Ke3 h5 56. Rc7 h4 57. Rc8 Kf5 58. Rh8 Ke6 59. Rh6
Rf4 60. Rh7 Kd6 61. Rh6 Kc5 62. Rh7 Kb4 63. Rb7+ Kc3 64. Rb6 Kc2 65. Rc6 c3 66.
Rc5 Rd4 67. Rc6 f5 68. Rc5 Re4+ 69. Kf3 Kd2 70. Rd5+ Kc1 71. Rd6 c2 72. Rd8 Rb4
73. Kf2 Kb2 74. Rd2 Rd4 0-1

[Event "NM for klubblag"]
[Site "Drammen"]
[Date "2010.10.10"]
[Round "6"]
[White "Danielsen, Magnus"]
[Black "Mikalsen, Odd Erling"]
[Result "1/2-1/2"]
[WhiteElo "1948"]
[BlackElo "1759"]
[PlyCount "35"]
[EventDate "2011.10.08"]
[WhiteTeam "Vålerenega Sjakklubb"]
[BlackTeam "Alta Sjakklubb"]

1. e4 e5 2. Nf3 Nc6 3. d4 exd4 4. Nxd4 Bc5 5. Nxc6 bxc6 6. Nc3 d6 7. Bc4 Nf6 8.
O-O h6 9. Qf3 O-O 10. h3 Be6 11. Bb3 Nd7 12. Bf4 Qf6 13. Qg3 Bxb3 14. axb3 Rfe8
15. Rfe1 Ne5 16. Be3 Bb6 17. Bxb6 axb6 18. Rad1 1/2-1/2

[Event "NM for klubblag"]
[Site "Drammen"]
[Date "2010.10.10"]
[Round "6"]
[White "Mikalsen, Harald"]
[Black "Mundal, Arnold"]
[Result "1/2-1/2"]
[WhiteElo "1696"]
[BlackElo "1794"]
[PlyCount "83"]
[EventDate "2011.10.08"]
[WhiteTeam "Alta Sjakklubb"]
[BlackTeam "Vålerenega Sjakklubb"]

1. e4 e6 2. d4 b6 3. Bd3 Bb7 4. Bf4 d5 5. exd5 Bxd5 6. Nf3 Nf6 7. O-O Bd6 8.
Bxd6 cxd6 9. Nbd2 Nbd7 10. c3 Rc8 11. Re1 O-O 12. Qc2 Rc7 13. a4 Qb8 14. Ng5 h6
15. Nge4 Rcc8 16. f3 Bb7 17. Nf1 Nd5 18. Qd2 N7f6 19. Qf2 Nh7 20. Qh4 Ndf6 21.
Ne3 Nxe4 22. fxe4 Rc7 23. Re2 Qd8 24. Qg3 Nf6 25. Nc4 Rd7 26. Rf1 Nh5 27. Qh3
Qg5 28. Ref2 Nf6 29. e5 dxe5 30. Nxe5 Rd5 31. Rf4 Rdd8 32. Rh4 Nd5 33. Nc4 Nf6
34. Rhf4 Ba6 35. Ne5 Bb7 36. Ng4 Nd5 37. Nxh6+ Qxh6 38. Rh4 Qe3+ 39. Qxe3 Nxe3
40. Bh7+ Kh8 41. Be4+ Kg8 42. Bh7+ 1/2-1/2

[Event "NM for klubblag"]
[Site "Drammen"]
[Date "2010.10.10"]
[Round "6"]
[White "Standal, Bård"]
[Black "Sevland, Rune K"]
[Result "1/2-1/2"]
[WhiteElo "1750"]
[BlackElo "1506"]
[PlyCount "86"]
[EventDate "2011.10.08"]
[WhiteTeam "Tønsberg Schackklubb"]
[BlackTeam "Sevland Sjakklubb"]

1. Nf3 Nf6 2. d3 d5 3. Nbd2 Nc6 4. e4 dxe4 5. dxe4 Bg4 6. h3 Bh5 7. g4 Bg6 8.
Qe2 a6 9. c3 e6 10. Bg2 Bc5 11. O-O O-O 12. Re1 Nd7 13. e5 Nb6 14. Ne4 Be7 15.
Rd1 Qe8 16. Bg5 Bxg5 17. Nexg5 Nd5 18. Ne4 Qe7 19. Rd2 Rad8 20. Rad1 Rd7 21.
Qc4 Rfd8 22. Ng3 Nb6 23. Qe2 Rxd2 24. Rxd2 Rxd2 25. Nxd2 Nd5 26. Bxd5 exd5 27.
f4 f6 28. f5 Be8 29. e6 Ne5 30. Qe3 b6 31. Nf3 Nxf3+ 32. Qxf3 Qc5+ 33. Qf2
Qxf2+ 34. Kxf2 g6 35. Ke3 Kf8 36. Kd4 c6 37. b4 Ke7 38. c4 dxc4 39. Kxc4 h5 40.
a3 h4 41. Nf1 gxf5 42. gxf5 Bh5 43. Ne3 Kd6 1/2-1/2

[Event "NM for klubblag"]
[Site "Drammen"]
[Date "2010.10.10"]
[Round "6"]
[White "Sevland, Kurt Normann"]
[Black "Bue, Gunnar"]
[Result "0-1"]
[WhiteElo "1107"]
[BlackElo "1644"]
[PlyCount "95"]
[EventDate "2011.10.08"]
[WhiteTeam "Sevland Sjakklubb"]
[BlackTeam "Tønsberg Schackklubb"]

1. e4 d6 2. d4 Nf6 3. Nc3 g6 4. Be2 Bg7 5. Be3 O-O 6. h3 e5 7. dxe5 Ne8 8. Nf3
Nc6 9. exd6 Nxd6 10. Bc5 Re8 11. Bxd6 cxd6 12. O-O Bxc3 13. bxc3 Rxe4 14. Bd3
Re8 15. Re1 Be6 16. Qd2 Kg7 17. Bb5 a6 18. Ba4 b5 19. Bb3 d5 20. Re3 a5 21. a3
a4 22. Ba2 Qd6 23. Rae1 Red8 24. Nd4 Nxd4 25. Qxd4+ Kg8 26. Qf6 Bf5 27. Qxd6
Rxd6 28. Re8+ Rxe8 29. Rxe8+ Kg7 30. Rb8 Bd7 31. Rd8 h5 32. h4 Kf6 33. f4 Ke7
34. Rb8 d4 35. cxd4 Rxd4 36. g3 Rd2 37. Rb7 f5 38. Rc7 Rd1+ 39. Kf2 Ra1 40. Bg8
Rxa3 41. Bh7 Kd6 42. Rxd7+ Kxd7 43. Bxg6 Ke6 44. Bxh5 Rc3 45. g4 Rxc2+ 46. Ke3
a3 47. gxf5+ Kf6 48. Bd1 0-1

[Event "NM for klubblag"]
[Site "Drammen"]
[Date "2010.10.10"]
[Round "6"]
[White "Syvertsen, Rolf E"]
[Black "Kloster, Ole Jonny"]
[Result "1-0"]
[WhiteElo "1584"]
[BlackElo "1615"]
[PlyCount "53"]
[EventDate "2011.10.08"]
[WhiteTeam "Tønsberg Schackklubb"]
[BlackTeam "Sevland Sjakklubb"]

1. d4 e6 2. c4 b6 3. a3 Bb7 4. Nc3 Be7 5. e4 Nf6 6. f3 O-O 7. Be3 Na6 8. Qd2 d5
9. e5 Ne8 10. cxd5 exd5 11. Bd3 c5 12. Nge2 cxd4 13. Nxd4 Nc5 14. Bc2 Qc7 15.
b4 Ne6 16. f4 Rc8 17. Rc1 Nxd4 18. Bxd4 Qd7 19. O-O f6 20. Qd3 g6 21. Bb3 Nc7
22. Rce1 Ba6 23. Nxd5 Nxd5 24. Qxa6 Kh8 25. Rd1 Qc6 26. Bxd5 Qxd5 27. exf6 1-0

[Event "NM for klubblag"]
[Site "Drammen"]
[Date "2010.10.10"]
[Round "6"]
[White "Andreassen, Espen"]
[Black "Beck, Anders Knudsen"]
[Result "0-1"]
[WhiteElo "687"]
[BlackElo "1406"]
[PlyCount "72"]
[EventDate "2011.10.08"]
[WhiteTeam "Sevland Sjakklubb"]
[BlackTeam "Tønsberg Schackklubb"]

1. e4 e5 2. Nf3 Nc6 3. d4 exd4 4. Bc4 h6 5. c3 dxc3 6. O-O d6 7. Qb3 Qe7 8. Re1
Ne5 9. Nxe5 dxe5 10. Nxc3 c6 11. h3 Qc7 12. Be3 Bd6 13. Rad1 Nf6 14. a3 O-O 15.
Qc2 Qe7 16. Rd3 Be6 17. Ba2 Bxa2 18. Nxa2 Nxe4 19. Nc3 Nc5 20. Rdd1 f5 21. b4
Ne6 22. Qd2 Rad8 23. Qc1 b6 24. Rd3 e4 25. Rdd1 Be5 26. Ne2 f4 27. Bd2 Qh4 28.
Qxc6 Ng5 29. Qc4+ Kh8 30. Qb5 Rde8 31. Qd7 f3 32. gxf3 Nxf3+ 33. Kf1 Nh2+ 34.
Kg1 Qxf2+ 35. Kh1 Nf3 36. Rg1 Qh2# 0-1

[Event "NM for klubblag"]
[Site "Drammen"]
[Date "2010.10.10"]
[Round "6"]
[White "Wister, Tom R"]
[Black "Jensen, Arvid"]
[Result "1-0"]
[WhiteElo "1615"]
[BlackElo "1232"]
[PlyCount "81"]
[EventDate "2011.10.08"]
[WhiteTeam "Kirkegata Sjakklubb"]
[BlackTeam "Konnerud Sjakklubb"]

1. d4 Nf6 2. c4 e6 3. Nc3 d5 4. Bg5 Bb4 5. e3 Nc6 6. Nf3 Bd7 7. Rc1 h6 8. Bh4
a6 9. cxd5 Bxc3+ 10. Rxc3 exd5 11. Bd3 Bg4 12. h3 Be6 13. O-O O-O 14. Ne5 Na7
15. Qf3 g5 16. Bg3 c6 17. Qe2 Ne4 18. Bxe4 dxe4 19. a3 Nb5 20. Rc5 Kh7 21. f4
f6 22. Ng4 Qd7 23. Nf2 Bd5 24. Rcc1 Qf7 25. Qc2 Nd6 26. fxg5 hxg5 27. Bxd6 Rg8
28. Nxe4 Bxe4 29. Qxe4+ Rg6 30. Qf5 Rd8 31. Bc5 Kg7 32. e4 Rh6 33. Rc3 Rdh8 34.
e5 Qd5 35. exf6+ Kf7 36. Qxd5+ cxd5 37. Be7 g4 38. hxg4 Rh1+ 39. Kf2 R1h4 40.
Kg3 Kg6 41. f7 1-0

[Event "NM for klubblag"]
[Site "Drammen"]
[Date "2010.10.10"]
[Round "6"]
[White "Flemsæter, Egil"]
[Black "Hovden, Hans"]
[Result "0-1"]
[WhiteElo "1183"]
[BlackElo "1576"]
[PlyCount "52"]
[EventDate "2011.10.08"]
[WhiteTeam "Konnerud Sjakklubb"]
[BlackTeam "Kirkegata Sjakklubb"]

1. d4 f5 2. Nf3 Nf6 3. c4 e6 4. Nc3 d5 5. cxd5 exd5 6. e3 c6 7. Bd3 Bd6 8. O-O
O-O 9. Ne2 Nbd7 10. Ng3 Ne4 11. Bxe4 fxe4 12. Nd2 Nf6 13. h3 Qe8 14. Nh1 Qg6
15. f4 Bxh3 16. Qe2 Nh5 17. Rf2 Bxf4 18. Kf1 Bxe3 19. Qxe3 Qxg2+ 20. Ke2 Bg4+
21. Ke1 Qxh1+ 22. Nf1 Rxf2 23. Qxf2 Rf8 24. Qxf8+ Kxf8 25. Be3 Qg2 26. Bf2 Qf3
0-1

[Event "NM for klubblag"]
[Site "Drammen"]
[Date "2010.10.10"]
[Round "6"]
[White "Steinkellner, Rudolf"]
[Black "Løvaas, Roger"]
[Result "1-0"]
[WhiteElo "1433"]
[BlackElo "1158"]
[PlyCount "107"]
[EventDate "2011.10.08"]
[WhiteTeam "Kirkegata Sjakklubb"]
[BlackTeam "Konnerud Sjakklubb"]

1. e4 e5 2. Nf3 Nc6 3. Bc4 h6 4. O-O Nf6 5. Nc3 Bc5 6. Na4 Be7 7. d4 exd4 8.
Nxd4 O-O 9. Nc3 Bc5 10. Be3 d6 11. Nxc6 bxc6 12. Bxc5 dxc5 13. f3 Qd4+ 14. Qxd4
cxd4 15. Na4 Rb8 16. b3 Nd7 17. Rad1 c5 18. f4 Nb6 19. Bb5 Nxa4 20. Bxa4 Ba6
21. Rf2 Bb5 22. Bxb5 Rxb5 23. e5 Re8 24. Rfd2 Rb6 25. Rd3 f6 26. exf6 Rxf6 27.
g3 Re2 28. R3d2 Rxd2 29. Rxd2 Re6 30. Kf2 Kf7 31. Re2 Rc6 32. Kf3 c4 33. Ke4
Re6+ 34. Kf3 Rc6 35. g4 cxb3 36. axb3 Kf6 37. Rd2 Rd6 38. b4 g5 39. f5 Ke5 40.
Re2+ Kf6 41. Ke4 Rb6 42. Rd2 Rxb4 43. Rxd4 Rb5 44. Rc4 Re5+ 45. Kd3 Re7 46.
Rc6+ Ke5 47. Rxh6 Kf4 48. h3 a5 49. Kc4 Re4+ 50. Kb3 Re8 51. Rc6 Re3+ 52. Rc3
a4+ 53. Kb2 a3+ 54. Rxa3 1-0

[Event "NM for klubblag"]
[Site "Drammen"]
[Date "2010.10.10"]
[Round "6"]
[White "Auke, Morthen"]
[Black "Gruben, Tronn"]
[Result "0-1"]
[WhiteElo "1056"]
[BlackElo "1387"]
[PlyCount "82"]
[EventDate "2011.10.08"]
[WhiteTeam "Konnerud Sjakklubb"]
[BlackTeam "Kirkegata Sjakklubb"]

1. d4 Nf6 2. c4 e6 3. Nc3 Bb4 4. Bd2 O-O 5. Nf3 c6 6. a3 Bxc3 7. Bxc3 d5 8. b3
dxc4 9. bxc4 Nbd7 10. e3 Ne4 11. Qc2 f5 12. Be2 Qf6 13. O-O b6 14. Bb2 Qg6 15.
Nh4 Qh6 16. g3 g5 17. Ng2 Bb7 18. Bd3 Nef6 19. Rad1 Ng4 20. h4 gxh4 21. Nxh4 c5
22. d5 exd5 23. Bxf5 Nde5 24. Bxe5 Nxe5 25. cxd5 Rf6 26. f4 Ng6 27. Be6+ Rxe6
28. dxe6 Nxh4 29. gxh4 Qxh4 30. Qh2 Qg4+ 31. Kf2 Qf3+ 32. Ke1 Qxe3+ 33. Qe2
Qxe2+ 34. Kxe2 Ba6+ 35. Kf2 Bxf1 36. e7 Re8 37. Rd8 Bb5 38. Ke3 Kf7 39. Rxe8
Bxe8 40. Ke4 Kxe7 41. Ke5 h5 0-1